| 000 | 00516nam a22001937a 4500 | ||
|---|---|---|---|
| 999 |
_c9300 _d9300 |
||
| 003 | GBCCL | ||
| 005 | 20241126110709.0 | ||
| 008 | 220919b ||||| |||| 00| 0 eng d | ||
| 020 | _a9789391661458 | ||
| 040 | _cgbc | ||
| 082 |
_a371 _bVAR |
||
| 100 |
_aVarghese, Palayathil Shibu _916198 |
||
| 245 |
_aHolistic education : _ba Gandhian perspective |
||
| 260 |
_aMeerut : _bBalaji publications, _c2022 |
||
| 300 | _a174p. | ||
| 650 |
_aHolistic education _916199 |
||
| 650 |
_aEducation _91195 |
||
| 942 |
_2ddc _cBK |
||